Sight to City: Asia #4 [pic] - Statistics

General Stats
  • This quiz has been taken 11 times
  • The average score is 6 of 16
Answer Stats
Picture Hint Answer % Correct
Petronas Towers Kuala Lumpur
100%
Tajikistan National Museum Dushanbe
70%
"A-Bomb Dome" / "Genbaku Dome" Hiroshima
70%
Oriental Pearl Tower Shanghai
70%
Azadi Tower Tehran
60%
Masjid an-Nabawi Medina
50%
The Hashemite Plaza Amman
40%
Sinamalé Bridge Malé
30%
921 Earthquake Museum of Taiwan Taichung
20%
Minato Mirai 21 Yokohama
20%
Baháʼí Terraces / Hanging Gardens of _ Haifa
10%
Tomb of Ahmad Shah Durrani Kandahar
10%
Changlimithang Stadium Thimphu
10%
_ Sand Dunes, Japan Tottori
10%
Grand Mosque of West Sumatra Padang
0%
Bridge of Peace Tbilisi
0%
No matching quizzes found
Score Distribution
Percent of People with Each Score
Percentile by Number Answered
Your Score History
You have not taken this quiz